An investigation into linguistic features of verbal processes in “Runaway” by Alice Munro versus in its Vietnamese translational equivalent “Trốn chạy” by Trần Thị Hương Lan
Introduction; Literature review and theoretical background; Research methods and procedures; ...
Đã lưu trong:
| Hovedforfatter: | |
|---|---|
| Andre forfattere: | |
| Format: | Bog |
| Sprog: | English |
| Udgivet: |
Đà Nẵng :
The University of Da Nang,
2015.
|
| Fag: | |
| Tags: |
Tilføj Tag
Ingen Tags, Vær først til at tagge denne postø!
|
| Thư viện lưu trữ: | Mạng thư viện Đại học Đà Nẵng |
|---|
| LEADER | 03263nam a22004091a 4500 | ||
|---|---|---|---|
| 001 | 000035490 | ||
| 003 | 11776 | ||
| 005 | 20221205094709.0 | ||
| 008 | 160107s2015 000 eng | ||
| 040 | |a LNN | ||
| 041 | |a eng | ||
| 082 | |a 420.4 |b NG-L | ||
| 100 | 1 | |a Nguyễn, Thị Mai Linh. | |
| 245 | 1 | 0 | |a An investigation into linguistic features of verbal processes in “Runaway” by Alice Munro versus in its Vietnamese translational equivalent “Trốn chạy” by Trần Thị Hương Lan |h [Thesis-Luận văn thạc sĩ] / |c Nguyễn Thị Mai Linh ; Phan Văn Hòa hướng dẫn. |
| 246 | 3 | |a Nghiên cứu về đặc điểm ngôn ngữ của diễn trình vật chất trong tác phẩm "Runaway" của Alice Murno với bản dịch tiếng Việt "Trốn chạy" của Trần Thị Hương Lan. | |
| 260 | |a Đà Nẵng : |b The University of Da Nang, |c 2015. | ||
| 300 | |a 85p. : ; |c 30cm+. | ||
| 500 | |a Master thesis in the English language. Field: The English language. | ||
| 504 | |a Includes reference (p. 69-72). | ||
| 520 | 3 | |a Introduction; Literature review and theoretical background; Research methods and procedures; ... | |
| 630 | 0 | 4 | |a The English language. |
| 653 | |a linguistic features |a verbal processes | ||
| 700 | 1 | |a Phan Văn Hòa, |c Assoc.Prof.Dr., |e Supervisor. | |
| OWN | |a LNN | ||
| 902 | |a Luận văn thạc sĩ | ||
| AVA | |a UDN50 |b LNN |c English |d 420.4 NG-L |e available |t Error 5001 Not defined in file expand_doc_bib_avail. |f 1 |g 0 |h N |i 0 |j AN |k 1 | ||
| Z40 | 3 | |y An investigation into linguistic features of verbal processes in “Runaway” by Alice Munro versus |l Library of UFL |t VIEW |x http://catalog.udn.vn:80/F?func=service&doc_library=UDN01&local_base=UDN01&doc_number=000035490&sequence=000001&line_number=0001&func_code=DB_RECORDS&service_type=MEDIA |f TOMTAT_000011557.pdf |e pdf |s 000716907 |k 20210801 |m NTMTHI | |
| Z40 | 3 | |y An investigation into linguistic features of verbal processes in “Runaway” by Alice Munro versus |l Library of UFL |t VIEW |x http://catalog.udn.vn:80/F?func=service&doc_library=UDN01&local_base=UDN01&doc_number=000035490&sequence=000002&line_number=0002&func_code=DB_RECORDS&service_type=MEDIA |f MaiLinh_000011559.pdf |e pdf |s 001069278 |k 20210801 |m NTMTHI | |
| 999 | |a From the UDN01 | ||
| AVA | |a UDN50 |b LNN |c English |d 420.4 NG-L |e available |t Error 5001 Not defined in file expand_doc_bib_avail. |f 1 |g 0 |h N |i 0 |j AN |k 1 | ||
| TYP | |a Monograph | ||
| TYP | |a Printed language | ||
| 856 | |y An investigation into linguistic features of verbal processes in “Runaway” by Alice Munro versus |l Library of UFL |t VIEW |x http://catalog.udn.vn:80/F?func=service&doc_library=UDN01&local_base=UDN01&doc_number=000035490&sequence=000001&line_number=0001&func_code=DB_RECORDS&service_type=MEDIA |f TOMTAT_000011557.pdf |e pdf |s 000716907 |k 20210801 |m NTMTHI | ||
| 856 | |y An investigation into linguistic features of verbal processes in “Runaway” by Alice Munro versus |l Library of UFL |t VIEW |x http://catalog.udn.vn:80/F?func=service&doc_library=UDN01&local_base=UDN01&doc_number=000035490&sequence=000002&line_number=0002&func_code=DB_RECORDS&service_type=MEDIA |f MaiLinh_000011559.pdf |e pdf |s 001069278 |k 20210801 |m NTMTHI | ||
| 980 | |a Mạng thư viện Đại học Đà Nẵng | ||